000
00213 a2200097 4500
001
10455
100
_a
Loney, S L
245
_a
Elements of statics land dynamics
260
_a
_b
Cambridge
_c
090
_c
8080
_d
8080
942
_a
NUST-CAE
_c
M
_c
34801
999
_c
245528
_d
245528